| 000 | 02272cam a22001934a 4500 | ||
|---|---|---|---|
| 005 | 20250605164029.0 | ||
| 008 | 250528s ||||||||||||||||||||||||d | ||
| 035 | _a16560 | ||
| 020 | _a9607623029 | ||
| 040 |
_aGR-AtMCL _bgre _dGR-AtMCL _eAACR2 |
||
| 245 | 1 | _aΙστορία και Λειτουργία της Ευρωπαϊκής Ένωσης | |
| 260 |
_bΓερμανός, _c1996 |
||
| 300 | _a112 | ||
| 520 | _aΠρόλογος, Περιεχόμενα, Συντομογραφίες, Συνοπτική Ιστορική Εξέλιξη, Γενικά για την Ευρωπαϊκή Ένωση, Η Ενιαία Ευρωπαϊκή Πράξη, Τα Θεσμικά Οργανα, Πώς Λαμβάνονται οι Αποφάσεις (Λειτουργία Θεσμών και Οργάνων), Η Ευρωπαϊκή Επιτροπή (Commission), Το Συμβούλιο των Υπουργών, Το Ευρωπαϊκό Συμβούλιο, Το Ευρωπαϊκό Κοινοβούλιο, Η Οικονομική και Κοινωνική Επιτροπή (C.E.S.), Το Ευρωπαϊκό Δικαστήριο, Το Ελεγκτικό Συνέδριο, Η Ευρωπαϊκή Τράπεζα Επενδύσεων, Η Ευρωπαϊκή Ένωση και το Μάαστριχτ, Μάαστριχτ: Οικονομική και Νομισματική και Πολιτική Ένωση, Νέα Πεδία Αρμοδιότητας, Το Κόστος που Προκύπτει από τις Νέες Πολιτικές, Διαστάσεις των Εξωτερικών Σχέσεων, Οι Επιμέρους Κοινοτικές Πολιτικές, Οικονομική και Νομισματική Πολιτική, Βιομηχανία και Πολιτική Ανάπτυξης, Κοινωνική Πολιτική, Προστασία των Καταναλωτών, Περιβαλλοντική Πολιτική, Δημόσια Υγεία, Δικαιοσύνη και Εσωτερικές Υποθέσεις, Ενοποίηση του Οπτικοακουστικού Τομέα, Επίλογος, Βασικοί Όροι, Βιβλιογραφία. | ||
| 700 | 1 |
_aΤενεκετζίδης Θεόδοσης _92655 |
|
| 942 | _cBK | ||
| 999 |
_c2052 _d2052 |
||